00845nam a22002537a 450000500170000001000130001702000210003003500130005103700160006404000120008008200170009210000290010924500350013824600060017325000120017926000440019127000160023530000200025165000430027165000380031494200260035299900190037895201940039720170124110209.0 aA-689057 c00.00a817058342 aA-689057 bCen Lib/Ret aDPLbEN a181.499bGHO aGhose, Aurobindo9112703 aSpeeches /cby Aurobindo Ghose b  a6th ed. bSri Aurobindo Ashramc1993aPondicherry bPondicherry a207p.c16cm(Hb) aIndia -- Politics and government95233 aPolitics and governmentx 937847 2ddccENh181.499mGHO c133399d133399 041040718REFaLbLd2015-07-25eCen Lib/Retg0.00l0o181.499 GHOpA-689057r2015-07-25 00:00:00t1v0.00w2015-07-25yENzWritten off on approval by DLB (By Circulation); dtd 15-06-2023